000 01356nam0a22002651i 4500
001 rc\3529969
005 20240723213803.0
021 _aRU
_b[73-22084а]
035 _a(NLR Aleph) 007677780
090 _a6504755
_c6504755
100 _a20130115d1973 |||y0rusy50 ca
101 0 _arus
102 _aRU
105 _ay d |||||
200 1 _aФондоемкость продукции и ее влияние на экономическую эффективность производства
_e(На примере хлопкосеющих колхозов Агджабедин., Бардин., Агдам. и Мирбашир. р-нов АзССР)
_eАвтореф. дис. на соиск. учен. степени канд. экон. наук
_e(08.00.05)
_fАН АзССР. Отд-ние обществ. наук. Совет секции экон. наук
210 _aБаку
_d1973
215 _a30 с.
300 _aНа тит. л. авт.: Бердиев[!], Ахмед Чобан оглы
320 _aСписок работ авт. в конце текста (10 назв.)
700 1 _aВердиев
_bА.Ч. оглы
_gАхмед Чобан оглы
790 1 _aБердиев[!]
_bА.Ч. оглы
_gАхмед Чобан оглы
801 0 _aRU
_bNLR
_gpsbo
801 1 _aRU
_bELAR
_2rusmarc
852 _aNLR
_j73-4/40365
942 _cBOOK